LEADER 00913nam0-22003011i-450- 001 990004268480403321 005 20051116123948.0 010 $a88-204-7973-7 035 $a000426848 035 $aFED01000426848 035 $a(Aleph)000426848FED01 035 $a000426848 100 $a19990604d1993----km-y0itay50------ba 101 0 $aita 105 $ay-------00-y- 200 1 $aDalla posta dei re alla posta di tutti$eterritorio e comunicazioni in Italia dal XVI secolo all'Unità$fBruno Caizzi 210 $aMilano$cAngeli$dc1993 215 $a357 p.$d22 cm 225 1 $aSaggi di storia$v11 676 $a383.4945$v21$zita 700 1$aCaizzi,$bBruno$f<1909-1992>$033465 801 0$aIT$bUNINA$gRICA$2UNIMARC 901 $aBK 912 $a990004268480403321 952 $a383.49 CAI 1$bBibl. 21059$fFLFBC 959 $aFLFBC 996 $aDalla posta dei re alla posta di tutti$9490534 997 $aUNINA LEADER 01005nam a2200241 i 4500 001 991001255229707536 005 20020502185751.0 008 941121s1981 it ||| | ita 035 $ab11485991-39ule_inst 035 $aPRUMB57624$9ExL 040 $aDip. SSSC - TEATRO$bita 110 2 $aCentro di studi sul teatro medioevale e rinascimentale$0448692 245 13$aLe laudi drammatiche umbre delle origini :$batti del v convegno di studio :$bViterbo, 22-23-24-25 maggio 1980 /$cCentro di studi sul teatro medioevale e rinascimentale 260 $aViterbo :$bUnion printing,$c1981 300 $a362 p. ;$c24 cm. 650 4$aLaudi drammatiche 650 4$aTeatro medievale 907 $a.b11485991$b21-09-06$c01-07-02 912 $a991001255229707536 945 $aLE021 CG27BISA25$g1$iLE021N-11615$lle021$o-$pE0.00$q-$rl$s- $t0$u0$v0$w0$x0$y.i1167734x$z01-07-02 996 $aLaudi drammatiche umbre delle origini$9812344 997 $aUNISALENTO 998 $ale021$b01-01-94$cm$da $e-$fita$git $h3$i1 LEADER 01819oam 2200505M 450 001 9910716519203321 005 20210706142801.0 035 $a(CKB)5470000002522967 035 $a(OCoLC)1065591577 035 $a(OCoLC)995470000002522967 035 $a(EXLCZ)995470000002522967 100 $a20071213d1926 ua 0 101 0 $aeng 135 $aurcn||||||||| 181 $ctxt$2rdacontent 182 $cc$2rdamedia 183 $acr$2rdacarrier 200 10$aBridge across the Pend D'Oreille River. June 7 (calendar day, June 8), 1926. -- Ordered to be printed 210 1$a[Washington, D.C.] :$c[U.S. Government Printing Office],$d1926. 215 $a1 online resource (2 pages) 225 1 $aSenate report / 69th Congress, 1st session. Senate ;$vno. 1020 225 1 $a[United States congressional serial set] ;$v[serial no. 8526] 300 $aBatch processed record: Metadata reviewed, not verified. Some fields updated by batch processes. 300 $aFDLP item number not assigned. 517 $aBridge across the Pend D'Oreille River. June 7 606 $aBridge construction industry 606 $aBridges$xDesign and construction 606 $aBridges 606 $aLegislative amendments 608 $aLegislative materials.$2lcgft 615 0$aBridge construction industry. 615 0$aBridges$xDesign and construction. 615 0$aBridges. 615 0$aLegislative amendments. 701 $aBingham$b Hiram$f1875-1956$pRepublican (CT)$0463205 801 0$bWYU 801 1$bWYU 801 2$bOCLCO 801 2$bOCLCQ 801 2$bOCLCO 801 2$bOCLCQ 906 $aBOOK 912 $a9910716519203321 996 $aBridge across the Pend D'Oreille River. June 7 (calendar day, June 8), 1926. -- Ordered to be printed$93444485 997 $aUNINA